[Event "Challenge"]
[Site "http://www.queenalice.com/game.php?id=913623"]
[Date "2011.3.17"]
[Round "-"]
[White "Knightequila"]
[Black "zhyuriy"]
[Result "1-0"]
[WhiteElo "1967"]
[BlackElo "2081"]

1. Nf3 Nf6 2. b3 d5 3. Bb2 c5 4. e3 Nc6 5. Bb5 Bd7 6. O-O Bg4 7. d4 e6 8. h3
Bxf3 9. Bxc6+ bxc6 10. Qxf3 Ne4 11. dxc5 f6 12. b4 a5 13. c3 Be7 14. Qe2 O-O 15.
Nd2 f5 16. Nxe4 fxe4 17. a3 Bf6 18. c4 Bxb2 19. Qxb2 Qg5 20. cxd5 exd5 21. Qe2
h5 22. Rab1 Rf3 23. Kh1 Qf5 24. b5 Rxh3+ 25. gxh3 Qxh3+ 26. Kg1 Rf8 27. f4 exf3
28. Qh2 Qg4+ 29. Kh1 Qe4 30. Qf2 cxb5 31. Rxb5 g5 32. Rfb1 Qe5 33. Rb6 g4 34.
Rg6+ Kh7 35. Qc2 Rf5 36. Rg5 1-0

[Event "AUTO-ADV-2107"]
[Site "http://www.queenalice.com/game.php?id=917043"]
[Date "2011.3.24"]
[Round "1"]
[White "Pinehill"]
[Black "zhyuriy"]
[Result "0-1"]
[WhiteElo "2028"]
[BlackElo "2021"]

1. d4 Nf6 2. c4 e6 3. Nf3 b6 4. Bg5 Bb4+ 5. Nc3 Bb7 6. Bh4 d6 7. e3 Nbd7 8. Bd3
h6 9. O-O Qc8 10. a3 Bxc3 11. bxc3 c5 12. Qc2 e5 13. d5 g5 14. Bg3 Qd8 15. Nd2
Qe7 16. f4 Nh5 17. fxg5 Nxg3 18. hxg3 hxg5 19. Rf5 f6 20. Raf1 O-O-O 21. Nf3 e4
22. Bxe4 Rde8 23. Nd2 Rh6 24. Nf3 Qxe4 0-1

[Event "AUTO-ADV-2107"]
[Site "http://www.queenalice.com/game.php?id=917044"]
[Date "2011.3.24"]
[Round "1"]
[White "zhyuriy"]
[Black "Pinehill"]
[Result "1-0"]
[WhiteElo "1980"]
[BlackElo "2028"]

1. d4 c6 2. c4 d5 3. Nc3 Bf5 4. e3 Nf6 5. Qb3 Qc8 6. cxd5 cxd5 7. Bb5+ Nc6 8.
Nf3 e6 9. Ne5 Be7 10. Qa4 O-O 11. Nxc6 bxc6 12. Bxc6 Rb8 13. Bb5 Qb7 14. O-O
Rfc8 15. Ba6 Qb6 16. Bxc8 Rxc8 17. Qb3 Qxb3 18. axb3 Bc2 19. Bd2 a6 20. Rfc1
Bxb3 21. Rxa6 Bc4 22. Rb6 Bd8 23. Rb7 h6 24. Nb5 Ne8 25. b3 1-0

[Event "AUTO-ADV-2107"]
[Site "http://www.queenalice.com/game.php?id=917059"]
[Date "2011.3.24"]
[Round "1"]
[White "Jodaia"]
[Black "zhyuriy"]
[Result "0-1"]
[WhiteElo "1778"]
[BlackElo "2080"]

1. e4 c5 2. Bc4 e6 3. Nc3 Nc6 4. Nf3 g6 5. d4 cxd4 6. Nxd4 Bg7 7. Ndb5 d5 8.
exd5 a6 9. dxc6 Qxd1+ 10. Kxd1 axb5 11. Nxb5 Ra5 12. Nd6+ Kd8 13. Nxf7+ Ke7 14.
Nxh8 Bxh8 15. c7 Rc5 16. b3 Bxa1 17. Ba3 b6 18. Bb5 Bc3 19. Ke2 Kd6 20. Kd3 Bg7
21. Bxc5+ Kxc5 22. a4 Ne7 23. Ke4 Bb7+ 24. Kf4 Nd5+ 25. Kg4 Nxc7 26. Rd1 Nd5 27.
c4 Nf6+ 28. Kg3 Nh5+ 29. Kh3 Nf4+ 30. Kg3 Nxg2 0-1

[Event "AUTO-ADV-2107"]
[Site "http://www.queenalice.com/game.php?id=917060"]
[Date "2011.3.24"]
[Round "1"]
[White "zhyuriy"]
[Black "Jodaia"]
[Result "1-0"]
[WhiteElo "2084"]
[BlackElo "1778"]

1. d4 d5 2. c4 e6 3. Nc3 dxc4 4. e4 Bb4 5. Bxc4 Bxc3+ 6. bxc3 Nf6 7. Bg5 Nbd7 8.
Bd3 h6 9. Bd2 O-O 10. Qe2 e5 11. f4 exd4 12. cxd4 c6 13. Nf3 Qb6 14. O-O c5 15.
Bc3 Qc7 16. e5 Ng4 17. d5 Qb6 18. Rab1 Qd8 19. h3 Ngf6 20. exf6 Nxf6 21. Bxf6
Qxf6 22. Qe5 Qxe5 23. fxe5 1-0

[Event "AUTO-ADV-2107"]
[Site "http://www.queenalice.com/game.php?id=917069"]
[Date "2011.3.24"]
[Round "1"]
[White "Lintz"]
[Black "zhyuriy"]
[Result "0-1"]
[WhiteElo "1838"]
[BlackElo "2055"]

1. e4 c5 2. Nf3 d6 3. c3 Nf6 4. h3 Nc6 5. Be2 Nxe4 6. O-O g6 7. d3 Nf6 8. Re1
Bg7 9. b3 O-O 10. Bb2 Nd5 11. d4 cxd4 12. cxd4 Nf4 13. Nbd2 Bf5 14. Rc1 Nb4 15.
Nf1 Nbd3 16. Bxd3 Nxd3 17. Ba1 Nxc1 18. Qxc1 Rc8 19. Qe3 Re8 20. d5 Bxa1 21.
Rxa1 Qa5 22. Qd4 Qc3 0-1

[Event "AUTO-ADV-2107"]
[Site "http://www.queenalice.com/game.php?id=917070"]
[Date "2011.3.24"]
[Round "1"]
[White "zhyuriy"]
[Black "Lintz"]
[Result "1-0"]
[WhiteElo "2069"]
[BlackElo "1838"]

1. d4 d5 2. c4 Bf5 3. Nc3 c6 4. e3 e6 5. Qb3 b6 6. Nf3 Nf6 7. Be2 Be7 8. O-O h6
9. Ne5 O-O 10. cxd5 exd5 11. Bd2 Bh7 12. a4 a5 13. Rac1 c5 14. Bb5 c4 15. Qd1
Kh8 16. f3 Ne8 17. b3 cxb3 18. Qxb3 Nf6 19. Bc6 Nxc6 20. Nxc6 Qd7 21. Nxe7 Qxe7
22. Nb5 Rfc8 23. Rc3 Qa7 24. Nxa7 1-0

[Event "Challenge"]
[Site "http://www.queenalice.com/game.php?id=929655"]
[Date "2011.4.24"]
[Round "-"]
[White "zhyuriy"]
[Black "eddval"]
[Result "0-1"]
[WhiteElo "2107"]
[BlackElo "2140"]

1. d4 Nf6 2. c4 e6 3. a3 b6 4. Nc3 Bb7 5. f3 d6 6. e4 Nbd7 7. Nge2 Be7 8. Be3
O-O 9. g3 h6 10. Bh3 Re8 11. O-O a6 12. d5 e5 13. g4 Bc8 14. Ng3 Nf8 15. Nf5
Bxf5 16. gxf5 Nh5 17. Ne2 Bg5 18. Bf2 Bf4 19. Kh1 Nd7 20. Rg1 Kh7 21. Rg4 Ndf6
22. Rg1 Bg5 23. Bf1 Nf4 24. Nc3 N6h5 25. Qe1 Rg8 26. Rg4 Qe7 27. Bg3 g6 28.
fxg6+ fxg6 29. Nd1 Raf8 30. Ne3 Nf6 31. Rxg5 hxg5 32. h4 Kg7 33. Bxf4 gxf4 34.
Ng2 Rh8 35. Kg1 Nh5 36. Kf2 Ng3 37. Bd3 g5 38. Qc3 gxh4 39. Rg1 Qf6 0-1

[Event "Challenge"]
[Site "http://www.queenalice.com/game.php?id=931593"]
[Date "2011.4.28"]
[Round "-"]
[White "zhyuriy"]
[Black "eddval"]
[Result "0-1"]
[WhiteElo "2087"]
[BlackElo "2109"]

1. d4 Nf6 2. c4 e6 3. a3 b6 4. Nc3 Bb7 5. f3 d6 6. Bg5 Be7 7. e4 Nbd7 8. Be3 O-O
9. Bd3 e5 10. d5 Nh5 11. g3 Bg5 12. Qd2 Bxe3 13. Qxe3 a5 14. Nge2 Nc5 15. Bc2 a4
16. g4 Qh4+ 17. Qf2 Qxf2+ 18. Kxf2 Nf6 19. h4 Ra5 20. h5 Ba6 21. g5 Nfd7 22.
Nxa4 Rxa4 23. Bxa4 Nxa4 24. b3 Nac5 25. Nc1 f5 26. b4 fxe4 27. bxc5 Rxf3+ 28.
Kg2 Nxc5 29. Rh3 Rf5 30. Rc3 Rxg5+ 31. Kf2 Rxh5 32. a4 Rh1 33. a5 bxa5 34. Rxa5
Kf7 35. Ne2 Rb1 36. Ra2 Rb4 37. Rac2 Kf6 38. Ke3 Na4 39. Ra3 Bxc4 40. Nc3 Nxc3
41. Rcxc3 Bxd5 42. Rxc7 Rb3+ 43. Rxb3 Bxb3 44. Kxe4 d5+ 45. Ke3 h5 46. Rc8 Kf5
47. Rf8+ Kg4 48. Rb8 Bc4 49. Re8 e4 0-1

[Event "Challenge"]
[Site "http://www.queenalice.com/game.php?id=939377"]
[Date "2011.5.18"]
[Round "-"]
[White "prego"]
[Black "zhyuriy"]
[Result "0-1"]
[WhiteElo "1896"]
[BlackElo "2069"]

1. h3 e5 2. g4 d5 3. Bg2 c6 4. Nf3 Bd6 5. e3 Nd7 6. Ng1 Ngf6 7. b3 h6 8. Bb2 Qe7
9. f4 Ne4 10. Bxe4 dxe4 11. Ne2 Qh4+ 12. Kf1 exf4 13. exf4 Nf6 14. Bxf6 Qxf6 15.
Nbc3 Qe7 16. d4 f5 17. gxf5 Bxf5 18. Ng3 O-O 19. Nce2 Bh7 20. Nh5 Qh4 21. Nhg3
Bxf4 22. Kg2 Bxg3 23. Nxg3 Rf3 24. Qxf3 exf3+ 25. Kxf3 Rf8+ 26. Kg2 Be4+ 27.
Nxe4 Qxe4+ 28. Kh2 Rf2+ 29. Kg3 Qf4# 0-1

[Event "Challenge"]
[Site "http://www.queenalice.com/game.php?id=949719"]
[Date "2011.6.14"]
[Round "-"]
[White "bruno_borges"]
[Black "zhyuriy"]
[Result "1/2-1/2"]
[WhiteElo "2123"]
[BlackElo "2097"]

1. e4 c5 2. Nf3 d6 3. Nc3 Nc6 4. d4 cxd4 5. Nxd4 Nf6 6. Bg5 e6 7. Qd3 Be7 8.
O-O-O a6 9. Be2 Qc7 10. f4 h6 11. Bh4 g5 12. fxg5 Nd7 13. g6 Bxh4 14. gxf7+ Kxf7
15. Nxe6 Qb8 16. Rhf1+ Bf6 17. Qd5 Ke7 18. Bg4 Bxc3 19. bxc3 Nde5 20. Bh3 Bd7
21. Rf2 Nd8 22. Nxd8 Kxd8 23. Bxd7 Nxd7 24. Qe6 Re8 25. Qxh6 Qc7 26. Qe3 Qc5 27.
Qg3 Rxe4 28. Rxd6 Qe3+ 29. Qxe3 Rxe3 30. g4 Kc7 31. Rd3 Re1+ 32. Rd1 Re4 33. Rg1
Rg8 34. g5 Rg6 35. Rg3 Ne5 36. h3 Kd7 37. Kb2 Rb6+ 38. Kc1 Nc4 39. Rf1 Rb1+ 40.
Kxb1 Nd2+ 41. Kc1 Nxf1 42. Rg1 Nh2 43. g6 Re8 44. h4 Nf3 45. Rg4 Ne5 46. Rg5 Nf3
47. Rg4 Ne5 48. Rg5 Nf3 49. Rg4 Ne5 1/2-1/2

[Event "Challenge"]
[Site "http://www.queenalice.com/game.php?id=949720"]
[Date "2011.6.14"]
[Round "-"]
[White "zhyuriy"]
[Black "bruno_borges"]
[Result "1/2-1/2"]
[WhiteElo "2074"]
[BlackElo "2123"]

1. d4 Nf6 2. c4 e6 3. Nc3 Bb4 4. Nf3 c5 5. dxc5 Bxc3+ 6. bxc3 Qa5 7. Qd3 Ne4 8.
Bd2 Nxc5 9. Qc2 Qc7 10. Nd4 b6 11. Nb5 Qc6 12. Bf4 Nba6 13. Nd6+ Ke7 14. Rd1 f6
15. Nxc8+ Raxc8 16. Bd6+ Kf7 17. f3 Nb7 18. Ba3 Nac5 19. e4 Rhd8 20. g3 d5 21.
cxd5 exd5 22. exd5 Qe8+ 23. Kf2 Nd6 24. c4 g6 25. Bh3 Rc7 26. Rhe1 Re7 27. Bxc5
bxc5 28. Rxe7+ Qxe7 29. Re1 Qb7 30. Be6+ Kg7 31. Rb1 Qa6 32. h4 Nxc4 33. Rc1 Ne5
34. Rd1 c4 35. Rb1 Nd3+ 36. Kg2 Nc5 37. Qe2 Re8 38. Rb4 Nxe6 39. dxe6 Rxe6 40.
Qxc4 Qxc4 41. Rxc4 Re2+ 42. Kf1 Rxa2 43. Rc7+ Kh6 44. g4 a5 45. Ra7 Rh2 46. Rxa5
Rxh4 47. Kg2 Kg7 48. Ra7+ Kg8 49. Ra6 Kf7 50. Kg3 Rh1 51. Kg2 Rh4 52. Rb6 h5 53.
gxh5 Rxh5 54. Kg3 g5 55. f4 gxf4+ 56. Kxf4 Kg6 57. Rb8 Rh4+ 58. Kg3 Re4 59. Rb5
f5 60. Kf3 Kg5 61. Rb8 Re6 62. Rc8 Rb6 63. Rg8+ Kf6 64. Rf8+ Ke5 65. Re8+ Kf6
66. Rf8+ 1/2-1/2

[Event "AUTO-ADV-2107"]
[Site "http://www.queenalice.com/game.php?id=950226"]
[Date "2011.6.15"]
[Round "2"]
[White "zhyuriy"]
[Black "amindeo"]
[Result "1-0"]
[WhiteElo "2055"]
[BlackElo "1971"]

1. d4 Nf6 2. c4 g6 3. Nc3 Bg7 4. e4 d6 5. Nge2 O-O 6. h3 e5 7. d5 a6 8. g4 Nbd7
9. Bg2 Nb6 10. b3 Bd7 11. Bg5 c6 12. O-O cxd5 13. cxd5 h6 14. Be3 Be8 15. a4
Nbd7 16. a5 Rc8 17. b4 Rc4 18. Rb1 Nh7 19. Qd3 Rc8 20. Na4 Qh4 21. f4 exf4 22.
Bxf4 Ne5 23. Qb3 Ng5 24. Bg3 Nxh3+ 25. Kh2 Nxg4+ 26. Kh1 Nhf2+ 27. Kg1 Bxa4 28.
Bxh4 Bxb3 29. Rxb3 Rc2 30. Rxf2 Nxf2 31. Kxf2 Be5 32. Ke1 Rfc8 33. Bh3 R8c4 34.
Bg2 g5 35. Bf2 Kg7 36. b5 Kg6 37. bxa6 bxa6 38. Bg3 Bxg3+ 39. Rxg3 Ra2 40. Rb3
f5 41. Rb6 fxe4 42. Rxd6+ Kf5 43. Rxh6 Rxa5 44. d6 Rd5 45. Bh3+ Ke5 46. d7 e3
47. Re6# 1-0

[Event "AUTO-ADV-2107"]
[Site "http://www.queenalice.com/game.php?id=950227"]
[Date "2011.6.15"]
[Round "2"]
[White "amindeo"]
[Black "zhyuriy"]
[Result "1-0"]
[WhiteElo "1950"]
[BlackElo "2076"]

1. e4 c5 2. Nf3 Nc6 3. d4 cxd4 4. Nxd4 Nf6 5. Nc3 e6 6. a3 a6 7. Nxc6 bxc6 8.
Bd3 d5 9. O-O Be7 10. e5 Nd7 11. f4 O-O 12. Qh5 g6 13. Qh6 Re8 14. Be3 Bf8 15.
Qh3 c5 16. Bf2 c4 17. Be2 Bc5 18. Kh1 Bxf2 19. Rxf2 f6 20. exf6 Nxf6 21. Qf3 Rb8
22. Rb1 Bb7 23. Qh3 d4 24. Rd1 Qb6 25. Na4 Qc6 26. b3 Ne4 27. Rff1 Ng3+ 28. Qxg3
cxb3 29. cxb3 Qd6 30. b4 e5 31. fxe5 Qxe5 32. Qxe5 Rxe5 33. Bc4+ Kg7 34. Nc5 Bc6
35. Rxd4 Rf8 36. Kg1 Bb5 37. Bxb5 axb5 38. Rxf8 Kxf8 39. Nd7+ 1-0

[Event "AUTO-ADV-2107"]
[Site "http://www.queenalice.com/game.php?id=950228"]
[Date "2011.6.15"]
[Round "2"]
[White "zhyuriy"]
[Black "renatosena2003"]
[Result "0-1"]
[WhiteElo "2098"]
[BlackElo "1901"]

1. d4 d5 2. c4 dxc4 3. Nc3 Nf6 4. e4 e6 5. Bg5 h6 6. Be3 Bb4 7. f3 Nc6 8. Bxc4
O-O 9. Ne2 a6 10. a3 Be7 11. O-O Bd7 12. Qd2 b5 13. Ba2 b4 14. axb4 Bxb4 15. Qc1
e5 16. Rd1 Qe7 17. d5 Na5 18. Ng3 Rfb8 19. d6 cxd6 20. Bxh6 gxh6 21. Qxh6 Nh7
22. Nd5 Bc5+ 23. Kh1 Qf8 24. Qh4 Rxb2 25. Nh5 Kh8 26. Ndf6 Bb5 27. Nxh7 Kxh7 28.
Nf6+ Kg6 29. Nd5 Qh6 30. Qf6+ Kh7 31. Qxf7+ Kh8 32. Ne7 Qg7 33. Qh5+ Qh7 34.
Ng6+ Kg7 35. Qxh7+ Kxh7 36. Bd5 Rb8 37. Ne7 Be2 38. Rdc1 Nb3 39. Bxb3 R8xb3 40.
Nf5 Rd2 41. h4 Rbb2 42. Ng3 Bxf3 43. Nf1 Rxg2 44. Rxa6 Rg1# 0-1

[Event "AUTO-ADV-2107"]
[Site "http://www.queenalice.com/game.php?id=950229"]
[Date "2011.6.15"]
[Round "2"]
[White "renatosena2003"]
[Black "zhyuriy"]
[Result "0-1"]
[WhiteElo "1901"]
[BlackElo "2088"]

1. d4 Nf6 2. Bg5 Ne4 3. Bf4 e6 4. f3 Nd6 5. e4 f6 6. Nc3 b6 7. Bc4 Nxc4 8. b3
Bb4 9. bxc4 Bxc3+ 10. Bd2 Bxa1 11. Qxa1 Ba6 12. Qc3 d6 13. Nh3 Nc6 14. Nf4 Qe7
15. c5 bxc5 16. Qa3 Bb7 17. dxc5 dxc5 18. Be3 Nb4 19. Qc3 Na6 20. O-O O-O 21.
Nd3 Rfd8 22. Re1 Rab8 23. Qc4 Kh8 24. Nxc5 Nxc5 25. Bxc5 Qd7 26. h3 Qc6 27. Qc3
Ba6 28. a4 Qxa4 29. Bxa7 Rb7 30. Be3 Qc4 31. Qa3 c5 32. Kh2 Rdb8 33. Ra1 Bb5 34.
Bxc5 Rc8 35. c3 h5 0-1

[Event "Challenge"]
[Site "http://www.queenalice.com/game.php?id=964040"]
[Date "2011.7.23"]
[Round "-"]
[White "eddval"]
[Black "zhyuriy"]
[Result "1-0"]
[WhiteElo "2129"]
[BlackElo "2040"]

1. e4 c5 2. c4 Nc6 3. Ne2 g6 4. d4 cxd4 5. Nxd4 Bg7 6. Be3 Qa5+ 7. Nc3 Nf6 8.
Nb3 Qd8 9. Be2 O-O 10. O-O d6 11. Rc1 Be6 12. f4 Qc8 13. h3 h5 14. Nd4 Bd7 15.
Bf3 Rb8 16. Nd5 Re8 17. Qd2 a6 18. Nb6 Qd8 19. e5 dxe5 20. Nxc6 Bxc6 21. Qxd8
Rbxd8 22. fxe5 Ne4 23. Bf4 g5 24. Bh2 g4 25. hxg4 Bh6 26. Rce1 Nd2 27. Bxc6 bxc6
28. Rf2 hxg4 29. Bf4 g3 30. Bxg3 Rd3 31. Bf4 Bxf4 32. Rxf4 c5 33. b3 Red8 34.
Kf2 1-0

[Event "Challenge"]
[Site "http://www.queenalice.com/game.php?id=971097"]
[Date "2011.8.10"]
[Round "-"]
[White "MIngu"]
[Black "zhyuriy"]
[Result "1-0"]
[WhiteElo "2126"]
[BlackElo "2053"]

1. d4 Nf6 2. c4 e6 3. Nc3 Bb4 4. e3 b6 5. Bd3 Bb7 6. Nf3 Ne4 7. Qc2 f5 8. a3
Bxc3+ 9. bxc3 O-O 10. a4 a5 11. Ba3 d6 12. O-O Nd7 13. d5 exd5 14. Nd4 Qf6 15.
cxd5 Bxd5 16. f3 Nec5 17. Bxf5 g6 18. Bxd7 Nxd7 19. c4 Bf7 20. Bb2 1-0

[Event "Challenge"]
[Site "http://www.queenalice.com/game.php?id=971098"]
[Date "2011.8.10"]
[Round "-"]
[White "zhyuriy"]
[Black "MIngu"]
[Result "0-1"]
[WhiteElo "2068"]
[BlackElo "2082"]

1. d4 d5 2. c4 c6 3. Nc3 e5 4. cxd5 cxd5 5. e3 e4 6. Bb5+ Nc6 7. Qa4 Bd7 8. Nxd5
a6 9. Nc3 axb5 10. Qxb5 Nb4 11. Qe5+ Be7 12. Kf1 Nf6 13. a3 Nd3 0-1

[Event "Let's Play Chess!"]
[Site "http://www.queenalice.com/game.php?id=1181623"]
[Date "2013.5.17"]
[Round "-"]
[White "zhyuriy"]
[Black "HelderNanques"]
[Result "0-1"]
[WhiteElo "2015"]
[BlackElo "2163"]

1. d4 Nf6 2. c4 g6 3. Nc3 d5 4. g3 Bg7 5. Nf3 O-O 6. Bg2 c6 7. O-O Re8 8. Re1
Bg4 9. h3 Bxf3 10. Bxf3 e6 11. Be3 Nbd7 12. Bf4 Nb6 13. c5 Nbd7 14. e4 dxe4 15.
Nxe4 Nxe4 16. Bxe4 Nf6 17. Bf3 Nd5 18. Bd6 Bf8 19. Bxd5 exd5 20. Bf4 Qd7 21. Kg2
Bg7 22. Qd2 Qf5 23. g4 Qd7 24. a4 Rxe1 25. Rxe1 Re8 26. Rxe8+ Qxe8 27. f3 Kf8
28. Kf2 Qd7 29. Bh6 Qe7 30. Bg5 Qd7 31. Qf4 Qc8 32. Bh6 Qd8 33. b4 Kg8 34. Bxg7
Kxg7 0-1

[Event "Let's Play Chess!"]
[Site "http://www.queenalice.com/game.php?id=1201713"]
[Date "2013.7.22"]
[Round "-"]
[White "zhyuriy"]
[Black "IlTurlaghino"]
[Result "0-1"]
[WhiteElo "2005"]
[BlackElo "1942"]

1. d4 Nf6 2. c4 c5 3. d5 b5 4. f3 Bb7 5. e4 d6 6. cxb5 a6 7. Nc3 g6 8. Bc4 Bg7
9. Nge2 a5 10. b3 Nbd7 11. O-O Nb6 12. Bd2 a4 13. Nxa4 Nxa4 14. bxa4 O-O 15. a5
Nd7 16. Rb1 Ne5 17. Qc2 Bc8 18. a4 f5 19. a6 Nd7 20. Nf4 Nb6 21. a5 Nxc4 22.
Qxc4 g5 23. Ne6 Bxe6 24. dxe6 f4 25. b6 Qb8 26. a7 Rxa7 27. bxa7 Qxa7 28. a6 Ra8
0-1